Dopasuj imię do nazwiska - polscy arcymistrzowie szachowi - Statystyki

Ogólne statystyki
  • Ten quiz został rozwiązany 7 razy
  • Średni wynik to 7 z 20
Statystyki odpowiedzi
Hint Odpowiedź % Poprawnych
Jan-Krzysztof Duda
83%
Akiba Rubinstein
83%
Igor Janik
67%
Mateusz Bartel
50%
Szymon Gumularz
50%
Jakub Kosakowski
50%
Zbigniew Pakleza
50%
Miłosz Szpar
50%
Paweł Teclaf
50%
Radosław Wojtaszek
50%
Grzegorz Gajewski
33%
Artur Jakubiec
33%
Kacper Piorun
33%
Bartosz Soćko
17%
Jacek Tomczak
17%
Robert Kempiński
0%
Bartłomiej Macieja
0%
Tomasz Markowski
0%
Wojciech Moranda
0%
Włodzimierz Schmidt
0%
Nie znaleziono quizów pasujących do podanych kryteriów
Rozkład punktacji
Procent ludzi z każdym wynikiem
Percentyl według liczby udzielonych odpowiedzi
Twoja historia wyników
Nie rozwiązałeś tego quizu